000 00433nam a22001337a 4500
008 220718b |||||||| |||| 00| 0 eng d
020 _a1433533464
050 _aBS1140
_b.B53 2016
245 _aA Biblical-Theological Introduction to the Old Testament:
_bthe gospel promised/
_cEdited by Miles V. Van Pelt
260 _aIllinois
_bCrossway
_c2016
300 _a601p.
650 _aBible, old testament
_vIntroductions
942 _2lcc
_cBK
999 _c19399
_d19398